Les 100 villes les plus peuplées du Grand Est - Statistiques

Statistiques générales
  • Ce quiz a été pris 291 fois
  • Le résultat moyen est 40 sur 100
Statistiques - réponses
Département Ville Population % Correct
57 Metz 120211
98%
67 Strasbourg 290576
98%
54 Nancy 104403
97%
68 Mulhouse 108038
94%
68 Colmar 68294
93%
51 Reims 180318
93%
10 Troyes 62597
88%
88 Épinal 31832
84%
8 Charleville-Mézières 46388
83%
51 Châlons-en-Champagne 44336
81%
57 Thionville 41383
80%
52 Chaumont 21770
75%
8 Sedan 16376
75%
55 Verdun 16877
75%
55 Bar-le-Duc 14592
74%
57 Forbach 21509
73%
67 Haguenau 35448
72%
52 Saint-Dizier 23085
72%
57 Sarreguemines 20555
69%
51 Épernay 22362
67%
54 Lunéville 17858
67%
88 Saint-Dié-des-Vosges 19490
65%
67 Sélestat 19279
65%
54 Toul 15857
63%
57 Sarrebourg 12278
62%
67 Schiltigheim 33993
60%
54 Vandœuvre-lès-Nancy 29723
60%
52 Langres 7682
54%
57 Montigny-lès-Metz 21788
54%
67 Saverne 11303
53%
67 Illkirch-Graffenstaden 27087
51%
68 Saint-Louis 22835
51%
54 Longwy 15117
50%
67 Molsheim 9352
47%
88 Gérardmer 7822
46%
67 Obernai 12015
46%
8 Rethel 7445
45%
57 Woippy 14526
44%
57 Amnéville 10668
43%
67 Lingolsheim 19797
42%
51 Vitry-le-François 11458
41%
54 Pont-à-Mousson 14357
40%
68 Thann 7784
40%
57 Saint-Avold 15171
39%
67 Wissembourg 7492
37%
68 Guebwiller 10988
35%
57 Hayange 15994
34%
88 Remiremont 7711
34%
54 Laxou 14445
31%
57 Yutz 17304
31%
57 Hagondange 9332
28%
10 Romilly-sur-Seine 14623
28%
57 Florange 11939
27%
54 Maxéville 9816
26%
67 Bischheim 17520
25%
88 Golbey 8882
25%
54 Saint-Max 10046
25%
68 Wittenheim 15065
25%
68 Cernay 11559
24%
57 Creutzwald 12772
24%
57 Freyming-Merlebach 12840
24%
67 Erstein 10739
23%
57 Maizières-lès-Metz 11776
23%
51 Tinqueux 10456
23%
54 Villers-lès-Nancy 14305
23%
67 Brumath 10061
22%
57 Fameck 14829
22%
67 Ostwald 12985
22%
88 Thaon-les-Vosges 8583
22%
54 Essey-lès-Nancy 8841
20%
68 Kingersheim 13230
20%
54 Malzéville 8036
20%
67 Bischwiller 12606
19%
68 Illzach 14380
19%
54 Jarny 8190
19%
10 La Chapelle-Saint-Luc 12324
19%
68 Rixheim 14020
19%
67 Hœnheim 11446
18%
57 Rombas 9864
18%
57 Stiring-Wendel 11043
18%
54 Val de Briey 8041
18%
54 Villerupt 10098
18%
54 Dombasle-sur-Meurthe 9733
17%
54 Jarville-la-Malgrange 9396
17%
68 Wittelsheim 10358
17%
10 Saint-André-les-Vergers 12701
16%
67 Souffelweyersheim 8057
16%
54 Tomblaine 8941
16%
68 Ensisheim 7475
15%
54 Mont-Saint-Martin 9020
15%
68 Riedisheim 12258
15%
10 Sainte-Savine 10496
15%
68 Pfastatt 10054
14%
57 Talange 7832
14%
67 Geispolsheim 7603
13%
57 Marly 9961
12%
68 Wintzenheim 7933
12%
57 Guénange 7594
11%
68 Brunstatt-Didenheim 8168
9%
57 Hettange-Grande 7753
8%
Aucun quiz correspondant
Distribution des résultats
% des personnes avec chaque résultat
Percentile par nombre de réponses
Votre historique - résultats
Vous n’avez pas pris ce quiz